Agricultural problems of India. Rev.Ed.13 (Record no. 94435)
[ view plain ]
| 000 -LEADER | |
|---|---|
| fixed length control field | 00416nam a2200157Ia 4500 |
| 008 - FIXED-LENGTH DATA ELEMENTS--GENERAL INFORMATION | |
| fixed length control field | 210210b1989 xxu||||| |||| 00| 0 eng d |
| 082 ## - DEWEY DECIMAL CLASSIFICATION NUMBER | |
| Classification number | 338.1 MAMA |
| 100 ## - MAIN ENTRY--PERSONAL NAME | |
| Personal name | MAMORIA (C B) & TRIPATHI (B B). |
| 245 ## - TITLE STATEMENT | |
| Title | Agricultural problems of India. Rev.Ed.13 |
| 250 ## - EDITION STATEMENT | |
| Edition statement | |
| 260 ## - PUBLICATION, DISTRIBUTION, ETC. | |
| Place of publication, distribution, etc. | ND |
| Name of publisher, distributor, etc. | Kitab mahal |
| Date of publication, distribution, etc. | 1989 |
| 300 ## - PHYSICAL DESCRIPTION | |
| Extent | 16,863 |
| 650 ## - SUBJECT ADDED ENTRY--TOPICAL TERM | |
| Topical term or geographic name entry element | Agricultural problems in India |
| 690 ## - LOCAL SUBJECT ADDED ENTRY--TOPICAL TERM (OCLC, RLIN) | |
| Topical term or geographic name as entry element | Agriculture |
| 906 ## - LOCAL DATA ELEMENT F, LDF (RLIN) | |
| a | 044882 |
| Withdrawn status | Lost status | Source of classification or shelving scheme | Damaged status | Not for loan | Collection code | Home library | Current library | Shelving location | Date acquired | Cost, normal purchase price | Total Checkouts | Full call number | Barcode | Date last seen | Price effective from | Koha item type |
|---|---|---|---|---|---|---|---|---|---|---|---|---|---|---|---|---|
| Dewey Decimal Classification | Economics | St Aloysius Library | St Aloysius Library | Secondary stack section | 02/17/2021 | 85.00 | 338.1 MAMA | 044882 | 02/17/2021 | 02/17/2021 | Book |